00581 a2200157 4500010001400000020002300014035001300037037001500050082001400065100002200079245010900101260003900210270009600249300002800345500005000373 aENG-86655 c675.00a8187392673 aEN-70188 bDBAD / PUB14a320.954161 aMahat, Ram Sharan1 aIn defence of democaracy :cby Ram Sharan Mahatbdynamics and fault lines of Nepal's political economy / aNew DelhibAdroit Publishersc2005 a4675/21, Ganpati Bhawan, Ansari Road, DaryaganjbNew Delhie110 002k011-23266030, 55302465 axxiv, 437 pc24 cm (Hb) aIncludes bibliographical references and index